000 00414nam a2200169Ia 4500
008 090711s9999 xx 000 0 und d
082 _b1119
100 _aदामले आशा
245 _aघरदार
260 _c1997
300 _a85
600 _aदामले आशा
630 _aघरदार
700 _aदामले आशा
730 _aघरदार
942 _cBOOK
999 _c324614
_d324614